Optimální komunikace aneb co je asertivita

Obsahové vymedzenie pojmu asertivita. Vzťah asertivity a agresivity. Výhody asertívneho správania sa. Ciele pasívneho a asertívneho správania sa. Praktický príklad.

Saved in:
Bibliographic Details
Main Author: Praško, Ján
Format: Book Chapter
Language:Czech
Subjects:
Tags: Add Tag
No Tags, Be the first to tag this record!

MARC

LEADER 00000naa a2200000 4500
001 r045160
005 20231004100218.6
041 0 |a cze 
044 |a CZ 
245 1 0 |a Optimální komunikace aneb co je asertivita  |c Ján Praško 
520 |a Obsahové vymedzenie pojmu asertivita. Vzťah asertivity a agresivity. Výhody asertívneho správania sa. Ciele pasívneho a asertívneho správania sa. Praktický príklad. 
610 2 0 |a asertivita 
610 2 0 |a sebakontrola 
610 2 0 |a psychológia 
610 2 0 |a agresia 
610 2 0 |a manažéri 
610 2 0 |a komunikácia 
100 1 |a Praško, Ján